000 00308nam a22001337a 4500
008 170127b xxu||||| |||| 00| 0 eng d
020 _a9781587632662
041 _aeng
080 _a61
100 _a3
101 _aSHM
245 _aTHE GUIDE TO CLINICAL PREVENTIVE SERVICES
_cCLANCY, C.M
942 _2udc
_cBK
999 _c3910
_d3910